60 - Né(es) un 1er mars - Statistiques

Statistiques générales
  • Ce quiz a été pris 13 fois
  • Le résultat moyen est 6 sur 16
Statistiques - réponses
Hint Année de naissance Réponse % Correct
Compositeur et pianiste d'ascendance franco-polonaise. Connu pour "Nocturnes", "Mazurkas", "Polonaises", "Valses", "Préludes", "Études", "Ballades", "Scherzos", "Sonates", "Fantaisie-Impromptu". 1810 Frédéric Chopin|Fryderyk Franciszek Chopin
91%
Premier ministre d'Israël de 1992 à 1995. Prix Nobel de la paix en 1994. 1922 Yitzhak Rabin
64%
Actrice française. A souvent joué à l'écran le rôle de l'épouse de Louis de Funès, notamment dans les films du "Gendarme". 1927 Claude Gensac|Claude-Jeanne Malca Gensac
55%
Acteur espagnol. Vu dans "No Country for Old Men", "Avant la nuit", "Vicky Cristina Barcelona", "Mar adentro", "Biutiful", "Skyfall", "Pirates des Caraïbes : La Vengeance de Salazar", "Mother!", "El buen patrón", "Dune". 1969 Javier Bardem
55%
Chanteur canadien. Connu pour "One Time", "Baby" et "Never Let You Go". 1994 Justin Bieber
55%
Acteur et soldat britannique. A reçu un Oscar et un Golden Globe. Vu dans "La Panthère rose", "La Lune était bleue", "Le Tour du monde en quatre-vingts jours", "Tables séparées", "Les Canons de Navarone", "Les 55 Jours de Pékin", "Le Cerveau". 1910 David Niven
36%
Journaliste français. Fut vice-président du groupe TF1 et directeur d'antenne de la chaîne française TF1 de 1987 à 2007 aux côtés de Patrick Le Lay. 1940 Étienne Mougeotte
36%
Cinéaste français. A réalisé "Suzanne Simonin", "la Religieuse de Diderot", "Céline et Julie vont en bateau", "Le Pont du Nord", "La Bande des quatre", "La Belle Noiseuse". 1928 Jacques Rivette
36%
Acteur et réalisateur américain découvert dans "Happy days". Il réalisera, notamment, "American Graffiti", "Willow", "Apollo 13", "Da Vinci Code", "Rush". 1954 Ron Howard|Ronald Howard
36%
Psychiatre et explorateur suisse. Réalisa le premier tour du monde en ballon du 1er au 21 mars 1999. 1958 Bertrand Piccard
27%
Tromboniste, compositeur, et chef d'orchestre de big band jazz américain. Recordman de vente de disques de 1939 à 1943, avec son "_____ ____ Army Air Force Band" de l'US Air Force. Parmi ses tubes: "In the Mood", Chattanooga Choo Choo", Moonlight Serenade", Tuxedo Junction", American Patrol". 1904 Glenn Miller
27%
Joueur de football devenu entraîneur notamment du Stade Rennais, du PSG et de l'Olympique de Lyon. 1964 Paul Le Guen
27%
Réalisateur américain et producteur américain. Il réalisa "L'Armée des morts", "300", "Watchmen", "Le Royaume de Ga'Hoole : La Légende des gardiens", "Man of Steel", "Batman v Superman : L'Aube de la justice", "Zack Snyder's Justice League". 1966 Zack Snyder
27%
Chanteur, acteur et militant des droits civiques américain. Son troisième album, "Calypso", atteindra le million d'exemplaires vendus. 1927 Harold George Bellanfanti Jr|Harry Belafonte
18%
Acteur américain. Connu pour pour son rôle de Zack Morris dans la série "Sauvés par le gong". 1974 Mark-Paul Gosselaar
18%
Journaliste français. Fonda le journal "Le Quotidien de Paris" en 1974. 1928 Philippe Tesson
9%
Aucun quiz correspondant
Distribution des résultats
% des personnes avec chaque résultat
Percentile par nombre de réponses
Votre historique - résultats
Vous n’avez pas pris ce quiz